Великие религии мира
| 1. Verfasser: | |
|---|---|
| Weitere Verfasser: | |
| Sprache: | Russisch |
| Veröffentlicht: |
Москва, PerSe, 2001
|
| Schriftenreihe: | Humanitas |
| Schlagworte: |
Кришнамурти
> Д.
> Джидду
> индийский мыслитель
> философ
> поэт
> проповедник
> 1895-1986
> псевдоним Алсион
Раджнеш (Раджниш) Бхагван Шри
> индийский философ и религиозный деятель
> основатель движения Тантра Йога
> настоящее имя Раджнеш Чандра Мохан
> 1931-1990
Будда
> древнеиндийский мудрец Шакьямуни после обретения им особого духовного дара
> Сиддхартха Гаутама
> 623-544 гг. до н.э.
Мухаммед (Мухаммад, Мохаммед, Магомет, Магомед)
> основатель ислама
> около 570 - 632
> глава первого арабского государства
> пророк
|
| Format: | Buch |
| KOHA link: | https://koha.lib.tpu.ru/cgi-bin/koha/opac-detail.pl?biblionumber=31574 |
MARC
| LEADER | 00000nam0a2200000 4500 | ||
|---|---|---|---|
| 001 | 31574 | ||
| 005 | 20231101210039.0 | ||
| 010 | |a 5323000015 | ||
| 010 | |a 5-9292-0041-6 | ||
| 035 | |a (RuTPU)RU\TPU\book\31852 | ||
| 035 | |a BOOK00000017 | ||
| 090 | |a 31574 | ||
| 100 | |a 20011209d2001 km y0rusy50 ca | ||
| 101 | 0 | |a rus | |
| 102 | |a RU | ||
| 105 | |a a z 001zd | ||
| 200 | 1 | |a Великие религии мира |f Г. Померанц, З. Миркина | |
| 210 | |a Москва |a СПб. |c PerSe |c Университетская книга |d 2001 | ||
| 215 | |a 279 с. |c ил. | ||
| 225 | 1 | |a Humanitas | |
| 320 | |a Указ. имен: с. 270-276. | ||
| 600 | 1 | |a Кришнамурти |b Д. |g Джидду |c индийский мыслитель |c философ |c поэт |c проповедник |f 1895-1986 |c псевдоним Алсион |2 stltpush |3 (RuTPU)RU\TPU\pers\12408 | |
| 600 | 0 | |a Раджнеш (Раджниш) Бхагван Шри |c индийский философ и религиозный деятель |c основатель движения Тантра Йога |c настоящее имя Раджнеш Чандра Мохан |f 1931-1990 |2 stltpush |3 (RuTPU)RU\TPU\pers\12407 |9 3416 | |
| 600 | 0 | |a Будда |c древнеиндийский мудрец Шакьямуни после обретения им особого духовного дара |c Сиддхартха Гаутама |f 623-544 гг. до н.э. |2 stltpui |3 (RuTPU)RU\TPU\pers\54 | |
| 600 | 0 | |a Мухаммед (Мухаммад, Мохаммед, Магомет, Магомед) |c основатель ислама |f около 570 - 632 |c глава первого арабского государства |c пророк |2 stltpush |3 (RuTPU)RU\TPU\pers\9818 | |
| 600 | 0 | |a Иисус Христос (Ешуа Машиах) |c согласно христианскому вероучению, Богочеловек, основатель христианства |f 4 г. до н. э.? - около 30 |2 stltpush |3 (RuTPU)RU\TPU\pers\7261 | |
| 610 | 1 | |a религия | |
| 610 | 1 | |a первобытная религия | |
| 610 | 1 | |a мифы | |
| 610 | 1 | |a обряды | |
| 610 | 1 | |a античность | |
| 610 | 1 | |a боги | |
| 610 | 1 | |a древнееврейская вера | |
| 610 | 1 | |a христианство | |
| 610 | 1 | |a ислам | |
| 610 | 1 | |a Древняя Индия | |
| 610 | 1 | |a буддизм | |
| 610 | 1 | |a индуизм | |
| 610 | 1 | |a Дзэн-буддизм | |
| 610 | 1 | |a бахаизм | |
| 610 | 1 | |a Ветхий завет | |
| 610 | 1 | |a Новый завет | |
| 686 | |a Э3 |v LBC/SL-A |2 rubbk | ||
| 700 | 1 | |a Померанц |b Г. |g Григорий | |
| 701 | 1 | |a Миркина |b З. |g Зинаида | |
| 801 | 0 | |a RU |b 63413507 |c 20011209 |g PSBO | |
| 801 | 2 | |a RU |b 63413507 |c 20170919 |g PSBO | |
| 942 | |c BK | ||